书目信息 |
| 题名: |
创作基础教学
|
|
| 作者: | 周南频 编著 | |
| 分册: | ||
| 出版信息: | 成都 四川美术出版社 2000 |
|
| 页数: | 110页 | |
| 开本: | 26cm | |
| 丛书名: | ||
| 单 册: | ||
| 中图分类: | J204 | |
| 科图分类: | ||
| 主题词: | 绘画理论 | |
| 电子资源: | ||
| ISBN: | 7-5410-1757-4 | |
| 000 | 00538nam0 2200193 45 | |
| 001 | 0303251098 | |
| 005 | 20031219104108.0 | |
| 010 | @a7-5410-1757-4@dCNY33.00 | |
| 100 | @a20030325d2000 km y0chiy0120 ea | |
| 101 | 0 | @achi |
| 105 | @a z 000yy | |
| 200 | 1 | @a创作基础教学@AChuang Zuo Ji Chu Jiao Xue@f周南频编著@FZhou Nan Pin Bian Zhu |
| 210 | @a成都@c四川美术出版社@d2000 | |
| 215 | @a110页@d26cm | |
| 606 | 0 | @a绘画理论 |
| 690 | @aJ204@v4 | |
| 701 | 0 | @a周南频@4编著 |
| 801 | @aCN@bTSTC@c20030325 | |
| 905 | @b321472-474@dJ204@e190@f3 | |
| 创作基础教学/周南频编著.-成都:四川美术出版社,2000 |
| 110页;26cm |
| ISBN 7-5410-1757-4:CNY33.00 |
| ● |
| 相关链接 |
|
|
|
|
正题名:创作基础教学
索取号:J204/190
 
预约/预借
| 序号 | 登录号 | 条形码 | 馆藏地/架位号 | 状态 | 备注 |
| 1 | 0321472 | 203214725 | 第一借阅区/ [索取号:J204/190] | 在馆 | |
| 2 | 0321473 | 203214734 | 第一借阅区/ [索取号:J204/190] | 在馆 | |
| 3 | 0321474 | 203214743 | 第一样本阅览室/ [索取号:J204/190] | 在馆 |